Warna sebuah lembah (Record no. 153277)

MARC details
000 -LEADER
fixed length control field 00705nam a2200265 i 4500
001 - CONTROL NUMBER
control field C2-0169256
003 - CONTROL NUMBER IDENTIFIER
control field PPAK
005 - DATE AND TIME OF LATEST TRANSACTION
control field 20180728091901.0
008 - FIXED-LENGTH DATA ELEMENTS--GENERAL INFORMATION
fixed length control field 980722s1990 my |||| ||||| | may d
020 ## - INTERNATIONAL STANDARD BOOK NUMBER
International Standard Book Number 9836217754
040 ## - CATALOGING SOURCE
Original cataloging agency PPAK
Language of cataloging eng
Transcribing agency PPAK
Description conventions rda
082 04 - DEWEY DECIMAL CLASSIFICATION NUMBER
Classification number 899.233
Edition number 23
090 00 - LOCALLY ASSIGNED LC-TYPE CALL NUMBER (OCLC); LOCAL CALL NUMBER (RLIN)
Classification number (OCLC) (R) ; Classification number, CALL (RLIN) (NR) 899.233
Feature heading OSM
Feature heading G
Classification number (OCLC) (R) ; Classification number, CALL (RLIN) (NR) 899.233
Feature heading OSM
Feature heading KMI
Classification number (OCLC) (R) ; Classification number, CALL (RLIN) (NR) 899.233
Feature heading OSM
Feature heading KSA
100 0# - MAIN ENTRY--PERSONAL NAME
Personal name Osman Ayob,
Relator term author
245 10 - TITLE STATEMENT
Title Warna sebuah lembah
264 #1 - PRODUCTION, PUBLICATION, DISTRIBUTION, MANUFACTURE, AND COPYRIGHT NOTICE
Place of production, publication, distribution, manufacture Kuala Lumpur :
Name of producer, publisher, distributor, manufacturer Dewan Bahasa dan Pustaka ,
Date of production, publication, distribution, manufacture, or copyright notice 1990
300 ## - PHYSICAL DESCRIPTION
Extent 397 pages ;
Dimensions 20 cm
336 ## - CONTENT TYPE
Source rdacontent
Content type term text
337 ## - MEDIA TYPE
Source rdamedia
Media type term unmediated
338 ## - CARRIER TYPE
Source rdacarrier
Carrier type term volume
650 10 - SUBJECT ADDED ENTRY--TOPICAL TERM
Topical term or geographic name entry element Malay fiction
942 ## - ADDED ENTRY ELEMENTS (KOHA)
-- dc
Koha item type Book
Holdings
Withdrawn Not for loan Current library Shelving location Date acquired Full call number Barcode Date last seen Koha item type Total Checkouts Total Renewals Date last checked out
  Not For Loan Perpustakaan Alor Setar Koleksi Prof. Dr. Muhammad Isa Othman 02/06/2011 KMI 899.233 OSM A00384329 01/06/2018 Book      
  Not For Loan Perpustakaan Alor Setar Koleksi S.N. Shahnon Ahmad 22/07/1998 KSA 899.233 OSM A00200210 01/06/2018 Book      
    Perpustakaan Jitra Pinjaman Dewasa 16/06/2005 899.233 OSM A00851582 05/09/2020 Book 1 2 04/02/2019